Linguistics : (Record no. 12070)
[ view plain ]
| 000 -LEADER | |
|---|---|
| fixed length control field | 00589nam a22002052 4500 |
| 001 - CONTROL NUMBER | |
| control field | 0000018703 |
| 005 - DATE AND TIME OF LATEST TRANSACTION | |
| control field | 20151217155221.0 |
| 008 - FIXED-LENGTH DATA ELEMENTS--GENERAL INFORMATION | |
| fixed length control field | 100608s xx 000 0 eng d |
| 020 ## - INTERNATIONAL STANDARD BOOK NUMBER | |
| International Standard Book Number | 0521614788 : |
| 040 ## - CATALOGING SOURCE | |
| Original cataloging agency | KABU |
| Transcribing agency | KABU |
| 245 10 - TITLE STATEMENT | |
| Title | Linguistics : |
| Remainder of title | an introduction / |
| Statement of responsibility, etc. | Andrew Radford ... [et al.] |
| 250 ## - EDITION STATEMENT | |
| Edition statement | 2rd ed. |
| 260 ## - PUBLICATION, DISTRIBUTION, ETC. (IMPRINT) | |
| Place of publication, distribution, etc. | Cambridge : |
| Name of publisher, distributor, etc. | C. U. P., |
| Date of publication, distribution, etc. | 2009. |
| 300 ## - PHYSICAL DESCRIPTION | |
| Extent | xv, 433 p. |
| 650 #0 - SUBJECT ADDED ENTRY--TOPICAL TERM | |
| Topical term or geographic name as entry element | Linguistics. |
| -- | 0000151993 |
| 700 1# - ADDED ENTRY--PERSONAL NAME | |
| Personal name | Radford, Andrew. |
| -- | 0000178022 |
| 852 1# - LOCATION | |
| -- | p4000 KES |
| 908 ## - PUT COMMAND PARAMETER (RLIN) | |
| Put command parameter | 100608 |
| 950 ## - LOCAL HOLDINGS (RLIN) | |
| -- | 1 |
| Withdrawn status | Lost status | Source of classification or shelving scheme | Not for loan | Home library | Current library | Date acquired | Total Checkouts | Full call number | Barcode | Date last seen | Date last checked out | Copy number | Price effective from | Koha item type | Cost, normal purchase price | Total Renewals |
|---|---|---|---|---|---|---|---|---|---|---|---|---|---|---|---|---|
| Library of Congress Classification | Kabarak, Main Campus | Kabarak, Main Campus | 17/12/2015 | 7 | P121 .L56 2009 c. 1 | 24979 | 25/03/2021 | 12/03/2021 | c. 1 | 17/12/2015 | General Collection | |||||
| Library of Congress Classification | Kabarak, Main Campus | Kabarak, Main Campus | 15/10/2019 | 1 | P121 .L56 2009 c. 2 | 023885 | 18/11/2022 | 19/10/2022 | c. 2 | 15/10/2019 | General Collection | 4432.00 | 1 | |||
| Library of Congress Classification | Kabarak, Main Campus | Kabarak, Main Campus | 15/10/2019 | 2 | P121 .L56 2009 c. 3 | 023886 | 06/12/2022 | 22/09/2022 | c. 3 | 15/10/2019 | General Collection | 4432.00 | ||||
| Library of Congress Classification | Kabarak, Main Campus | Kabarak, Main Campus | 15/10/2019 | 1 | P121 .L56 2009 c. 4 | 023887 | 08/11/2022 | 27/10/2022 | c. 4 | 15/10/2019 | General Collection | 4432.00 | ||||
| Library of Congress Classification | Kabarak, Main Campus | Kabarak, Main Campus | 15/10/2019 | P121 .L56 2009 c. 5 | 023888 | 15/10/2019 | c. 5 | 15/10/2019 | General Collection | 4432.00 |